| 000 | 00925nam a22002297a 4500 | ||
|---|---|---|---|
| 010 | _a1617CH-EN | ||
| 020 |
_a9789382454229 _c120.00 |
||
| 020 |
_a9789382454229 _c95.00 (AV) |
||
| 035 | _aB-646660-681 | ||
| 035 | _aB-664778 | ||
| 037 |
_aDPL _bStar/Ven. |
||
| 082 | _aS | ||
| 100 | _aDharmarajan, Geeta | ||
| 245 |
_aRun Ranga! Run / _cby Geeta Dharmarajan; illustrated by Srivi |
||
| 260 |
_bKatha _c2014 _aNew Delhi |
||
| 270 |
_aA3 Sarvodaya Enclave, Sri Aurobindo Marg, _bNew Delhi _e110017 |
||
| 300 |
_a32p. _c23cm(pbk) |
||
| 700 | _aSrivi | ||
| 942 |
_2ddc _cCH _mDHA _hS |
||
| 999 |
_c100862 _d100862 |
||